|
|
|
|
| LEADER |
01052nam a2200289 a 4500 |
| 001 |
13980 |
| 003 |
BD-DhAAL |
| 008 |
090406s2003 maua b 001 0 eng d |
| 999 |
|
|
|c 125
|d 125
|
| 010 |
|
|
|a 2002023053
|
| 020 |
|
|
|a 0631219072
|
| 020 |
|
|
|a 0631219080 (pbk.)
|
| 040 |
|
|
|a DLC
|c DLC
|d DLC
|d BD-DhAAL
|
| 082 |
0 |
0 |
|a 100
|2 21
|
| 245 |
0 |
4 |
|a The Blackwell companion to philosophy /
|c edited by Nicholas Bunnin and E.P. Tsui-James.
|
| 250 |
|
|
|a Second edition
|
| 260 |
|
|
|a Malden, MA :
|b Blackwell Pub.,
|c 2003.
|
| 300 |
|
|
|a xviii, 951 pages :
|b illustrations;
|c 26 cm.
|
| 490 |
0 |
|
|a Blackwell companions to philosophy
|
| 504 |
|
|
|a Includes bibliographical references and index.
|
| 541 |
1 |
|
|e 13980
|
| 650 |
|
0 |
|a Philosophy.
|9 41320
|
| 700 |
1 |
|
|a Bunnin, Nicholas.
|9 41321
|
| 700 |
1 |
|
|a Tsui-James, E. P.
|9 41322
|
| 852 |
|
|
|a Ayesha Abed Library
|j General Stacks
|
| 942 |
|
|
|2 ddc
|c BK
|
| 952 |
|
|
|0 0
|1 4
|2 ddc
|4 0
|6 100_000000000000000_BLA
|7 0
|9 17638
|a BRACUL
|b BRACUL
|c GEN
|d 2011-07-26
|l 0
|o 100 BLA
|p 3010013980
|r 2011-07-26
|t 1
|w 2011-07-26
|y BK
|x Koha Inventory 2020
|